Plan de restauración y manejo ambiental para las lagunas de Meridor (Registro nro. 6035)
[ vista simple ]
| 000 -CABECERA | |
|---|---|
| Campo de control | 02206nam a2200253 a 4500 |
| 090 ## - CLASIFICACIÓN LOCAL | |
| Colección | IAVH |
| Consecutivo | 00765 CD-1 |
| 041 ## - IDIOMA | |
| Código de idioma para texto/pista de sonido o título separado | Español |
| 100 ## - ASIENTO PRINCIPAL--NOMBRE PERSONAL | |
| Nombre personal | Garzón, Alexandra |
| 110 ## - ASIENTO PRINCIPAL--NOMBRE CORPORATIVO | |
| Unidad subordinad | Asociación Propietarios de Meridor |
| 245 ## - MENCION DE TITULO | |
| Título | Plan de restauración y manejo ambiental para las lagunas de Meridor |
| 260 ## - PUBLICACION, DISTRIBUCION, ETC. (PIE DE IMPRENTA) | |
| Lugar de publicación, distribución, etc. | Bogotá |
| Nombre del editor, distribuidor, etc. | Instituto Alexander von Humboldt |
| Fecha de publicación, distribución, etc. | 2006 |
| 300 ## - DESCRIPCION FISICA | |
| Extensión | 246 p. |
| 520 ## - NOTA DE RESUMEN, ETC. | |
| Nota de resumen | El Plan de Restauración de las lagunas de Meridor involucra a la comunidad al determinar los objetivos y criterios de éxito de la restauración. Se busca lograr que las lagunas mejoren sus condiciones para ser hábitat de las especies de aves que albergan y que se genere un concenso entre la comunidad en cuanto al manejo y usos de las lagunas para que estos no dejen de ser compatibles con ésta función de ellas. Sin embargo, se han identificado conflictos de usos, debido a la actividad productiva que se da en gran parte en la cuenca que ejerce impactos negativos sobre el ecosistema acuático, entre ellos siendo el predominante, la alta demanda de agua para usos pecuarios y agrícolas. Lo anterior hace que el plan de restauración tenga gran dificultad en su planteamiento y en su acogida por parte de la comunidad. Dentro del Plan de Manejo Ambiental se determinan las principales acciones para que los esfuerzos puestos en la restauración no sen en vano, y las lagunas sean protegidas de impactos que puedan causar degradación adicional. También se genera un plan de monitoreo de la restauración para determinar el éxito de la misma según los objetivos propuestos en las etapas iniciales del proyecto en conjunto con los propietarios de los predios que lindan con las lagunas. |
| 650 ## - ASIENTO SECUNDARIO DE MATERIA - TERMINO TEMATICO | |
| Término temático o nombre geográfico como elemento de entrada | Biodiversidad |
| 650 ## - ASIENTO SECUNDARIO DE MATERIA - TERMINO TEMATICO | |
| Término temático o nombre geográfico como elemento de entrada | Conservación |
| 650 ## - ASIENTO SECUNDARIO DE MATERIA - TERMINO TEMATICO | |
| Término temático o nombre geográfico como elemento de entrada | Restauración ambiental |
| 650 ## - ASIENTO SECUNDARIO DE MATERIA - TERMINO TEMATICO | |
| Término temático o nombre geográfico como elemento de entrada | Manejo y restauración de cuencas |
| 650 ## - ASIENTO SECUNDARIO DE MATERIA - TERMINO TEMATICO | |
| Término temático o nombre geográfico como elemento de entrada | Cuencas hidrográficas |
| 650 ## - ASIENTO SECUNDARIO DE MATERIA - TERMINO TEMATICO | |
| Término temático o nombre geográfico como elemento de entrada | Recursos hídricos |
| 650 ## - ASIENTO SECUNDARIO DE MATERIA - TERMINO TEMATICO | |
| Término temático o nombre geográfico como elemento de entrada | Lagunas |
| 650 ## - ASIENTO SECUNDARIO DE MATERIA - TERMINO TEMATICO | |
| Término temático o nombre geográfico como elemento de entrada | Avifauna |
| 662 ## - ASIENTO SECUNDARIO DE MATERIA - JERARQUIA DEL NOMBRE DE LUGAR( | |
| País o entidad mayor | Colombia |
| Jurisdicción política intermedia | Lagunas de Meridor |
| Ciudad | Tenjo |
| Jurisdicción política de primer orden | Cundinamarca |
| 773 0# - Item fuente: | |
| Host Biblionumber | 5986 |
| Host Itemnumber | 9704 |
| Asiento principal | |
| Edición | |
| Lugar, editorial y fecha de publicación | Bogotá Informatica documental 2007 |
| Otro identificador del ítem - Codigo de Barras | 024802 |
| Título | Informes de investigaciones IAVH en PDF |
| Número de control del registro | |
| Número Internacional Normalizado para Publicaciones Seriadas - ISSN | |
| Número Internacional Normalizado para Libros - ISBN | |
No hay ítems disponibles.